[Event "Brasov GP RO"]
[Site "Brasov"]
[Date "2023.07.22"]
[Round "9"]
[White "Papadakis, Michalis"]
[Black "Costin, Alexandru"]
[Result "0-1"]
[WhiteElo "2151"]
[BlackElo "1962"]
[PlyCount "121"]
[EventDate "2023.07.16"]
[EventType "swiss"]
[EventRounds "9"]
[EventCountry "ROU"]
[SourceTitle "CBM 215 Extra"]
[Source "ChessBase"]
[SourceDate "2023.09.30"]
[SourceVersion "1"]
[SourceVersionDate "2023.09.30"]
[SourceQuality "1"]

1. d4 d5 2. Nf3 c6 3. g3 Bg4 4. Bg2 Nd7 5. Nbd2 Ngf6 6. 0-0 e6 7. c4 Bd6 8. b3 0-0 9. Bb2 Qc7 10. Rc1 Rfe8 11. Re1 Rad8 12. a3 Ne4 13. Qc2 Bf5 14. Nxe4 Bxe4 15. Qd2 Be7 16. Qe3 Bf6 17. Bh3 Bg6 18. Ne5 dxc4 19. Nxg6 hxg6 20. Rxc4 Qa5 21. b4 Qd5 22. Qd3 Nb6 23. Rc5 Qd6 24. Rd1 Na4 25. Rc2 Nxb2 26. Rxb2 Bxd4 27. Rbd2 Qe5 28. e3 Bb6 29. Qb3 Rxd2 30. Rxd2 Rd8 31. Rxd8+ Bxd8 32. Qd3 Qd5 33. Bf1 Qxd3 34. Bxd3 Bf6 35. Kf1 Kf8 36. Ke2 Ke7 37. a4 Bc3 38. b5 cxb5 39. Bxb5 a6 40. Bc4 Kd6 41. Kd3 Be1 42. f3 Kc5 43. g4 Kb4 44. f4 Kxa4 45. f5 gxf5 46. gxf5 exf5 47. Bxf7 Bb4 48. Be6 Bd6 49. Bc8 Bxh2 50. Bxb7 Kb5 51. Bc8 f4 52. exf4 Bxf4 53. Be6 Kb4 54. Kc2 a5 55. Bf5 g5 56. Be6 Be5 57. Bd7 a4 58. Be6 a3 59. Kd3 g4 60. Kc2 g3 61. Bd5 0-1

[Event "Barcelona Sants op 20th"]
[Site "Barcelona"]
[Date "2018.08.20"]
[Round "4"]
[White "Papadakis, Michalis"]
[Black "Buscara, Sevan"]
[Result "0-1"]
[WhiteElo "2154"]
[BlackElo "2432"]
[PlyCount "91"]
[EventDate "2018.08.17"]
[EventType "swiss"]
[EventRounds "10"]
[EventCountry "ESP"]
[SourceTitle "CBM 186 Extra"]
[Source "ChessBase"]
[SourceDate "2018.08.24"]
[SourceVersion "1"]
[SourceVersionDate "2018.08.24"]
[SourceQuality "1"]

1. d4 g6 2. c4 Bg7 3. Nc3 c5 4. Nf3 cxd4 5. Nxd4 Nc6 6. e3 Nf6 7. Be2 0-0 8. 0-0 d5 9. cxd5 Nxd5 10. Nxc6 bxc6 11. Nxd5 cxd5 12. Bf3 e6 13. Rb1 Qa5 14. a3 Ba6 15. Be2 Rab8 16. b4 Bxe2 17. Qxe2 Qa4 18. Bb2 e5 19. Rfd1 Rfd8 20. Rbc1 a5 21. bxa5 Qxa5 22. Rc2 Qa4 23. Rcd2 Qb3 24. Bc1 d4 25. exd4 exd4 26. Rd3 Qc4 27. Qf3 Re8 28. Bf4 Rb2 29. g3 h5 30. Kg2 Ree2 31. R1d2 Rexd2 32. Bxd2 Rb1 33. Bf4 Qc2 34. Qe4 f5 35. Qf3 Kh7 36. Bg5 Be5 37. Kh3 Bg7 38. Kg2 Qc4 39. Kh3 Qe6 40. Rd1 f4+ 41. Kh4 Rb3 42. Qxf4 Rb5 43. Rxd4 Rxg5 44. Qxg5 Bf6 45. Rf4 Bxg5+ 46. Kxg5 0-1

[Event "GRE-chT 44th"]
[Site "Achaia"]
[Date "2016.07.06"]
[Round "2.2"]
[White "Goumas, Georgios"]
[Black "Papadakis, Michalis"]
[Result "1-0"]
[WhiteElo "2392"]
[BlackElo "2155"]
[PlyCount "63"]
[EventDate "2016.07.05"]
[EventType "team-swiss"]
[EventRounds "7"]
[EventCountry "GRE"]
[SourceTitle "CBM 173 Extra"]
[Source "ChessBase"]
[SourceDate "2016.08.29"]
[SourceVersion "1"]
[SourceVersionDate "2016.08.29"]
[SourceQuality "1"]
[WhiteTeam "Nikaia Fysiolatris"]
[BlackTeam "Heraklion CN"]
[WhiteTeamCountry "GRE"]
[BlackTeamCountry "GRE"]

1. e4 c5 2. Nf3 d6 3. d4 cxd4 4. Nxd4 Nf6 5. Nc3 a6 6. h3 e6 7. g4 d5 8. Nde2 Nxe4 9. Nxe4 dxe4 10. Qxd8+ Kxd8 11. Be3 Bd6 12. Nc3 Kc7 13. Nxe4 Be5 14. 0-0-0 Bd7 15. f4 Bc6 16. Bg2 Bxe4 17. Bxe4 Bd6 18. Rxd6 Kxd6 19. Bxb7 Nd7 20. Rd1+ Kc7 21. Bxa8 Rxa8 22. c4 a5 23. Kc2 Kc6 24. b3 h5 25. g5 f6 26. gxf6 gxf6 27. Rg1 e5 28. f5 Kd6 29. a3 Rc8 30. Kc3 e4 31. Bf4+ Ke7 32. Rg7+ 1-0

[Event "Nova Gorica op 21st"]
[Site "Nova Gorica"]
[Date "2016.02.01"]
[Round "6"]
[White "Racnik, Tone"]
[Black "Papadakis, Michalis"]
[Result "0-1"]
[WhiteElo "2014"]
[BlackElo "2266"]
[PlyCount "154"]
[EventDate "2016.01.29"]
[EventType "swiss"]
[EventRounds "9"]
[EventCountry "SLO"]
[SourceTitle "CBM 170 Extra"]
[Source "ChessBase"]
[SourceDate "2016.02.25"]
[SourceVersion "1"]
[SourceVersionDate "2016.02.25"]
[SourceQuality "1"]

1. e4 c5 2. c4 Nc6 3. Nc3 g6 4. g3 Bg7 5. Bg2 d6 6. Nge2 e6 7. a3 Nge7 8. d3 Rb8 9. Rb1 a5 10. 0-0 0-0 11. Bf4 e5 12. Bg5 f6 13. Be3 Bd7 14. Nb5 Nc8 15. f4 Nd4 16. Bxd4 cxd4 17. Qb3 Kh8 18. f5 Bh6 19. h3 Be8 20. Bf3 Nb6 21. g4 Ra8 22. a4 Nd7 23. Qc2 Nc5 24. Ra1 Qe7 25. Kg2 Be3 26. Ng3 Rd8 27. Rh1 Bf4 28. Ne2 Be3 29. Ng3 Bd7 30. Raf1 Rg8 31. Re1 Bf4 32. fxg6 hxg6 33. Qd1 Kg7 34. b3 Bc8 35. Ne2 Be3 36. Ng3 Rh8 37. h4 Ne6 38. Ne2 Rh6 39. Rh3 Rdh8 40. Reh1 b6 41. Na3 Qc7 42. Nc2 Bf4 43. Na3 Qc5 44. Nb5 Bd7 45. h5 Be3 46. hxg6 Rxh3 47. Rxh3 Rxh3 48. Kxh3 Bf4 49. Kg2 Be8 50. Ng1 Bxg6 51. Nh3 Bh6 52. Qe1 Be3 53. Qd1 Qb4 54. Qe2 Kf7 55. Qd1 Ke7 56. Be2 Kd7 57. Qf1 Bf4 58. Qd1 Bh6 59. Qf1 Qd2 60. Qf2 Be3 61. Qf1 Qb2 62. Qd1 Nc5 63. Kh1 Nxb3 64. g5 fxg5 65. Bg4+ Kd8 66. Nxd6 Qc1 67. Kg2 Qxd1 68. Bxd1 Nc5 69. Bc2 Kd7 70. Nf5 Bxf5 71. exf5 Ke7 72. Kf3 Kf6 73. Kg4 Nb7 74. Bd1 Nd6 75. Bf3 Nxf5 76. Kh5 Ng7+ 77. Kg4 Ne6 0-1

[Event "Kavala op 24th"]
[Site "Kavala"]
[Date "2015.08.08"]
[Round "6"]
[White "Das, Sayantan"]
[Black "Papadakis, Michalis"]
[Result "1-0"]
[WhiteElo "2444"]
[BlackElo "2247"]
[PlyCount "59"]
[EventDate "2015.08.04"]
[EventType "swiss"]
[EventRounds "9"]
[EventCountry "GRE"]
[SourceTitle "CBM 167 Extra"]
[Source "ChessBase"]
[SourceDate "2015.09.14"]
[SourceVersion "1"]
[SourceVersionDate "2015.09.14"]
[SourceQuality "1"]

1. e4 c5 2. Nf3 d6 3. d4 cxd4 4. Nxd4 Nf6 5. Nc3 a6 6. Bg5 e6 7. f4 h6 8. Bh4 Be7 9. Qf3 Nbd7 10. 0-0-0 Qc7 11. Be2 b5 12. Bxf6 Nxf6 13. e5 Bb7 14. Qg3 dxe5 15. fxe5 Nd5 16. Nxe6 fxe6 17. Qg6+ Kd7 18. Nxd5 exd5 19. Bg4+ Kd8 20. Kb1 Qc5 21. Rd3 b4 22. c3 a5 23. Rhd1 Kc7 24. cxb4 Qxb4 25. Bf3 a4 26. a3 Qh4 27. Rxd5 Bxd5 28. Bxd5 Bf6 29. Qc2+ Kb8 30. Qc6 1-0

[Event "Kavala op 24th"]
[Site "Kavala"]
[Date "2015.08.07"]
[Round "5"]
[White "Charkhalashvili, Inga"]
[Black "Papadakis, Michalis"]
[Result "1/2-1/2"]
[WhiteElo "2334"]
[BlackElo "2247"]
[PlyCount "110"]
[EventDate "2015.08.04"]
[EventType "swiss"]
[EventRounds "9"]
[EventCountry "GRE"]
[SourceTitle "CBM 167 Extra"]
[Source "ChessBase"]
[SourceDate "2015.09.14"]
[SourceVersion "1"]
[SourceVersionDate "2015.09.14"]
[SourceQuality "1"]

1. d4 d5 2. c4 c6 3. Nc3 Nf6 4. Nf3 dxc4 5. a4 Bf5 6. e3 e6 7. Bxc4 Bb4 8. 0-0 0-0 9. Qe2 Bg6 10. Ne5 Nbd7 11. Nxg6 hxg6 12. Rd1 Qa5 13. Bd2 Rad8 14. Be1 e5 15. Qc2 exd4 16. exd4 Nb6 17. Bb3 Qf5 18. Qxf5 gxf5 19. a5 Nbd5 20. Nxd5 Nxd5 21. Bxd5 Bxe1 22. Bf3 Bb4 23. a6 bxa6 24. Bxc6 a5 25. d5 Rd6 26. g3 Rb8 27. Kg2 g6 28. Rd3 Kg7 29. h4 Kf6 30. Rf3 Bd2 31. b3 Kg7 32. Ra2 Bb4 33. h5 Kf6 34. hxg6 fxg6 35. g4 Kg5 36. gxf5 gxf5 37. Re2 Kf6 38. Re4 Bc5 39. Rc4 Rg8+ 40. Kf1 Bb6 41. Bb7 Ke5 42. Bc8 Rf6 43. Be6 Rg4 44. Rxg4 fxg4 45. Rxf6 Kxf6 46. Bxg4 Ke5 47. Be6 Bc7 48. Ke2 Ke4 49. Kd2 Kd4 50. Kc2 Bd6 51. Bf7 Bc7 52. Kb2 Bd6 53. Be6 Kd3 54. Bf7 Kd4 55. Kc2 Bc7 1/2-1/2

[Event "Kavala op 24th"]
[Site "Kavala"]
[Date "2015.08.06"]
[Round "4"]
[White "Papadakis, Michalis"]
[Black "Kelires, Andreas"]
[Result "1/2-1/2"]
[WhiteElo "2247"]
[BlackElo "2426"]
[PlyCount "139"]
[EventDate "2015.08.04"]
[EventType "swiss"]
[EventRounds "9"]
[EventCountry "GRE"]
[SourceTitle "CBM 167 Extra"]
[Source "ChessBase"]
[SourceDate "2015.09.14"]
[SourceVersion "1"]
[SourceVersionDate "2015.09.14"]
[SourceQuality "1"]

1. Nf3 Nf6 2. c4 e6 3. g3 a6 4. Bg2 b5 5. b3 c5 6. Nc3 Qb6 7. e4 Bb7 8. e5 Ng4 9. 0-0 Nc6 10. Re1 Be7 11. h3 Nh6 12. d4 Nxd4 13. Bxh6 Nxf3+ 14. Bxf3 gxh6 15. Bxb7 Qxb7 16. cxb5 axb5 17. a4 bxa4 18. bxa4 0-0 19. Ne4 Qd5 20. Qg4+ Kh8 21. Qf4 Qd4 22. Rad1 Qxa4 23. Qxh6 Rg8 24. Nf6 Rg7 25. Rxd7 Bxf6 26. exf6 Rg6 27. Qd2 Rxf6 28. Qc3 Kg7 29. Rc7 Qa2 30. Qxc5 Ra5 31. Qc2 h5 32. Qxa2 Rxa2 33. Rf1 h4 34. Rc3 Rg6 35. Kh2 Kh6 36. gxh4 Ra4 37. Rg3 Rxh4 38. Rxg6+ Kxg6 39. Kg3 Ra4 40. Rb1 f5 41. Rb3 Kg5 42. Kg2 e5 43. Rc3 f4 44. Rc8 Kf5 45. Rf8+ Ke4 46. Rf7 Ra6 47. Rg7 Rh6 48. Rg5 Rh7 49. Rg8 Rh5 50. Rg7 Kd3 51. Ra7 Ke4 52. Rg7 Rh6 53. Rg5 Rf6 54. h4 Kd4 55. h5 e4 56. Ra5 Re6 57. Ra4+ Ke5 58. Kh3 e3 59. fxe3 fxe3 60. Kg4 e2 61. Ra1 Ke4 62. Re1 Ke3 63. Kg5 Kf2 64. Rxe2+ Kxe2 65. h6 Kf3 66. h7 Re8 67. Kg6 Kg4 68. Kg7 Kg5 69. h8Q Rxh8 70. Kxh8 1/2-1/2

[Event "Heraklion Gazi op 11th"]
[Site "Heraklion"]
[Date "2015.07.31"]
[Round "8"]
[White "Papadakis, Michalis"]
[Black "Lekic, Dusan"]
[Result "0-1"]
[WhiteElo "2247"]
[BlackElo "2425"]
[PlyCount "114"]
[EventDate "2015.07.25"]
[EventType "swiss"]
[EventRounds "9"]
[EventCountry "GRE"]
[SourceTitle "CBM 167 Extra"]
[Source "ChessBase"]
[SourceDate "2015.09.14"]
[SourceVersion "1"]
[SourceVersionDate "2015.09.14"]
[SourceQuality "1"]

1. d4 Nf6 2. Bg5 Ne4 3. Bf4 c5 4. f3 Qa5+ 5. c3 Nf6 6. Nd2 cxd4 7. Nb3 Qd8 8. cxd4 e6 9. e4 Nc6 10. Bd3 d5 11. Ne2 a5 12. e5 Nd7 13. a4 Nb6 14. 0-0 Bd7 15. Bb5 Nb4 16. Nc5 Bxb5 17. axb5 Nc4 18. Nxb7 Qb6 19. Nd6+ Bxd6 20. exd6 Nxb2 21. Qd2 N2d3 22. Ra3 Nxf4 23. d7+ Kxd7 24. Qxf4 f6 25. Qg4 g6 26. Nc3 f5 27. Qf4 Qd6 28. Qd2 Rhc8 29. Na4 Rab8 30. Nc5+ Rxc5 31. dxc5 Qxc5+ 32. Kh1 Qxb5 33. Rb1 Rc8 34. Qh6 Kd6 35. h3 d4 36. Qxh7 Rc3 37. Rxc3 dxc3 38. Qh8 c2 39. Qd8+ Qd7 40. Qf8+ Kc6 41. Qa8+ Kb5 42. Qb8+ Ka4 43. Ra1+ Kb3 44. Qe5 Qd1+ 45. Kh2 Qxa1 46. Qxa1 Na2 47. Qe5 c1Q 48. Qxa5 Qf4+ 49. Kh1 Nb4 50. Qd8 Qe3 51. Qc8 Nd3 52. Qb7+ Kc2 53. Qc6+ Kd2 54. Qa8 Ke2 55. Qa2+ Kf1 56. Qb1+ Ne1 57. Qb5+ Qe2 0-1

[Event "Heraklion Gazi op 11th"]
[Site "Heraklion"]
[Date "2015.07.30"]
[Round "7"]
[White "Fidrilakis, Stavros"]
[Black "Papadakis, Michalis"]
[Result "0-1"]
[WhiteElo "1955"]
[BlackElo "2247"]
[PlyCount "104"]
[EventDate "2015.07.25"]
[EventType "swiss"]
[EventRounds "9"]
[EventCountry "GRE"]
[SourceTitle "CBM 167 Extra"]
[Source "ChessBase"]
[SourceDate "2015.09.14"]
[SourceVersion "1"]
[SourceVersionDate "2015.09.14"]
[SourceQuality "1"]

1. d4 Nf6 2. Bg5 d5 3. Bxf6 gxf6 4. e3 c5 5. c4 dxc4 6. dxc5 Qxd1+ 7. Kxd1 e6 8. Bxc4 Bxc5 9. Nc3 Ke7 10. Ke2 Rg8 11. g3 Nc6 12. Nf3 Bd7 13. Rhd1 f5 14. Rac1 Rgd8 15. Bb5 Bd6 16. Ng5 Be5 17. Nf3 Bf6 18. a3 a6 19. Bd3 Rac8 20. e4 fxe4 21. Bxe4 h6 22. Kf1 Na5 23. Kg2 b5 24. Nd2 Be8 25. Ndb1 Rxd1 26. Rxd1 Rc7 27. Re1 Kf8 28. Re2 Nc4 29. Nd1 Nd6 30. Rc2 Rd7 31. Bf3 Nc4 32. b3 Ne5 33. Be2 Rd8 34. f4 Nc6 35. Ne3 Nd4 36. Rd2 Nxe2 37. Rxe2 Rd3 38. Ng4 Bc6+ 39. Kh3 Bf3 40. Rc2 Bxg4+ 41. Kxg4 Rxb3 42. Nd2 Rxa3 43. Ne4 Be7 44. Kh5 Kg7 45. Rc7 Bf8 46. Nf2 b4 47. Ng4 Ra5+ 48. Ne5 b3 49. Rxf7+ Kg8 50. Rb7 Rb5 51. Rxb5 axb5 52. Nf3 Bb4 0-1

[Event "Belgrade Trophy 28th"]
[Site "Belgrade"]
[Date "2014.11.30"]
[Round "7"]
[White "Papadakis, Michalis"]
[Black "Milin, Dragan"]
[Result "1/2-1/2"]
[WhiteElo "2197"]
[BlackElo "2021"]
[PlyCount "86"]
[EventDate "2014.11.24"]
[EventType "swiss"]
[EventRounds "9"]
[EventCountry "SRB"]
[SourceTitle "CBM 163 Extra"]
[Source "ChessBase"]
[SourceDate "2014.12.23"]
[SourceVersion "1"]
[SourceVersionDate "2014.12.23"]
[SourceQuality "1"]

1. d4 d5 2. c4 e6 3. Nc3 c6 4. e3 Bd6 5. Bd3 f5 6. Qc2 g6 7. Nge2 Na6 8. a3 Nc7 9. Bd2 dxc4 10. Bxc4 e5 11. Qb3 Nf6 12. dxe5 Bxe5 13. 0-0-0 Qe7 14. f4 Bd6 15. Nd4 b5 16. Be2 Bd7 17. Bf3 Ne4 18. Nxe4 fxe4 19. Be2 a6 20. Bc3 Rf8 21. Ba5 Rb8 22. f5 c5 23. Bxc7 Bxc7 24. Ne6 Bxe6 25. fxe6 c4 26. Qc2 Bd6 27. Qxe4 Rc8 28. Qd5 Rf2 29. Rhe1 Rd8 30. Qc6+ Kf8 31. Rf1 Rxf1 32. Rxf1+ Kg8 33. Bf3 Bxa3 34. Bd5 Bxb2+ 35. Kb1 Bf6 36. Rxf6 Qb4+ 37. Kc2 Qb3+ 38. Kc1 Qxe3+ 39. Kb2 Qd2+ 40. Kb1 Qd1+ 41. Kb2 Qd2+ 42. Kb1 Qd1+ 43. Kb2 Qd2+ 1/2-1/2

[Event "Belgrade Trophy 28th"]
[Site "Belgrade"]
[Date "2014.11.26"]
[Round "3"]
[White "Papadakis, Michalis"]
[Black "Milanovic, Danilo"]
[Result "0-1"]
[WhiteElo "2197"]
[BlackElo "2483"]
[PlyCount "136"]
[EventDate "2014.11.24"]
[EventType "swiss"]
[EventRounds "9"]
[EventCountry "SRB"]
[SourceTitle "CBM 163 Extra"]
[Source "ChessBase"]
[SourceDate "2014.12.23"]
[SourceVersion "1"]
[SourceVersionDate "2014.12.23"]
[SourceQuality "1"]

1. d4 Nf6 2. Bg5 c5 3. d5 g6 4. Nc3 Bg7 5. e4 d6 6. Qd2 Qa5 7. a4 0-0 8. Nf3 Bg4 9. Be2 Nbd7 10. 0-0 Nb6 11. Qf4 Bxf3 12. Qxf3 c4 13. Bd2 Rfc8 14. Qe3 Nbd7 15. Nb5 Qb6 16. f3 Nc5 17. Na3 Nxa4 18. Nxc4 Rxc4 19. Bxc4 Nxd5 20. Qxb6 Ndxb6 21. Bb3 Nxb2 22. Ra2 N2c4 23. Bg5 Bd4+ 24. Kh1 Kf8 25. Rb1 Ne5 26. Bd2 Nc6 27. c3 Bc5 28. Be1 e6 29. Bf2 Bxf2 30. Rxf2 Rc8 31. Ra2 Rc7 32. Kg1 Nc8 33. Bd1 b6 34. Kf2 Na5 35. Ra3 Ne7 36. Be2 d5 37. Ke3 dxe4 38. fxe4 Nec6 39. Rb5 Nb7 40. Rb1 Ke7 41. Bb5 Nca5 42. Kd3 Rc5 43. Ra2 Rh5 44. h3 Nc5+ 45. Kd4 Ncb3+ 46. Rxb3 Nxb3+ 47. Kc4 Na5+ 48. Kb4 Re5 49. Rd2 Rxe4+ 50. c4 a6 51. Rd7+ Ke8 52. Rd4+ axb5 53. Rxe4 Nxc4 54. Rd4 Ne3 55. Rd2 h5 56. Kxb5 Nd5 57. Kc4 h4 58. Kd4 Ke7 59. Ke5 f6+ 60. Ke4 Kd6 61. Kd4 b5 62. Rb2 e5+ 63. Ke4 b4 64. Kd3 Kc5 65. Rc2+ Nc3 66. g3 e4+ 67. Ke3 hxg3 68. Rg2 f5 0-1

[Event "Ambelokipi op 141st"]
[Site "Athens"]
[Date "2014.01.08"]
[Round "1"]
[White "Frosinos, Ioannis"]
[Black "Papadakis, Michalis"]
[Result "0-1"]
[WhiteElo "1690"]
[BlackElo "2232"]
[PlyCount "116"]
[EventDate "2014.01.08"]
[EventType "swiss"]
[EventRounds "7"]
[EventCountry "GRE"]
[SourceTitle "EXT 2016"]
[Source "ChessBase"]
[SourceDate "2015.10.08"]
[SourceVersion "1"]
[SourceVersionDate "2015.10.08"]
[SourceQuality "1"]

1. b4 c6 2. e3 Qb6 3. a3 d5 4. c4 Nf6 5. Bb2 g6 6. Nf3 Bg7 7. c5 Qc7 8. Be5 Qd8 9. Be2 Bg4 10. Bb2 Bxf3 11. Bxf3 Nbd7 12. d4 Qc7 13. Nd2 e5 14. dxe5 Nxe5 15. Be2 0-0 16. Nf3 Nfd7 17. Nxe5 Bxe5 18. Bxe5 Qxe5 19. 0-0 Rfe8 20. Bf3 f5 21. Qd2 Nf6 22. Rfd1 Re7 23. Qd4 Nd7 24. g3 Kf7 25. Qxe5 Nxe5 26. Bg2 Nd7 27. Kf1 Ke8 28. Ke2 Kd8 29. h3 Kc7 30. Kd3 Ree8 31. Kc3 Nf6 32. Rd4 b6 33. cxb6+ axb6 34. Rdd1 Kd6 35. a4 Ra7 36. Ra2 c5 37. a5 bxa5 38. bxa5 Rb8 39. Rad2 c4 40. Bxd5 Kc5 41. Bg2 Rb3+ 42. Kc2 Rxa5 43. Rc1 Ra2+ 44. Kd1 Rxd2+ 45. Kxd2 Rb2+ 46. Rc2 Rxc2+ 47. Kxc2 Ne4 48. f3 Nxg3 49. e4 Kd4 50. exf5 Nxf5 51. Kd2 Nh4 52. Bh1 g5 53. Kc2 c3 54. f4 gxf4 55. Bb7 f3 56. Ba6 Ng2 57. Kc1 Ne3 58. h4 f2 0-1

[Event "Krakow op-A 24th"]
[Site "Krakow"]
[Date "2013.12.30"]
[Round "5"]
[White "Papadakis, Michalis"]
[Black "Adamowicz, Katarzyna"]
[Result "1/2-1/2"]
[WhiteElo "2222"]
[BlackElo "2094"]
[PlyCount "79"]
[EventDate "2013.12.27"]
[EventType "swiss"]
[EventRounds "9"]
[EventCountry "POL"]
[SourceTitle "CBM 158 Extra"]
[Source "ChessBase"]
[SourceDate "2014.02.28"]
[SourceVersion "1"]
[SourceVersionDate "2014.02.28"]
[SourceQuality "1"]

1. d4 Nf6 2. c4 g6 3. Nc3 Bg7 4. e4 0-0 5. f3 d6 6. Be3 Nbd7 7. Nge2 c6 8. Qd2 Qc7 9. g4 Rd8 10. Ng3 a6 11. a4 Qa5 12. Rb1 c5 13. Be2 Qb4 14. g5 Ne8 15. h4 Nc7 16. h5 Nb6 17. b3 Ne6 18. Na2 Qxd2+ 19. Bxd2 Nd7 20. d5 Nd4 21. f4 b5 22. Nc3 b4 23. Nd1 a5 24. Ne3 Ra7 25. Kf2 Ra8 26. Bd3 Nf8 27. Rh4 f6 28. gxf6 Bxf6 29. Rh2 g5 30. Nc2 gxf4 31. Bxf4 Nd7 32. Rg2 Kh8 33. Nxd4 Bxd4+ 34. Be3 Bxe3+ 35. Kxe3 Ne5 36. Be2 Bd7 37. Rbg1 Rg8 38. Nh1 Rxg2 39. Rxg2 Rg8 40. Rxg8+ 1/2-1/2

[Event "Heraklion Gazi op 9th"]
[Site "Heraklion"]
[Date "2013.07.31"]
[Round "6"]
[White "Mastrovasilis, Athanasios"]
[Black "Papadakis, Michalis"]
[Result "1/2-1/2"]
[WhiteElo "2523"]
[BlackElo "2222"]
[PlyCount "100"]
[EventDate "2013.07.27"]
[EventType "swiss"]
[EventRounds "9"]
[EventCountry "GRE"]
[SourceTitle "CBM 155 Extra"]
[Source "ChessBase"]
[SourceDate "2013.08.26"]
[SourceVersion "1"]
[SourceVersionDate "2013.08.26"]
[SourceQuality "1"]

1. c4 Nf6 2. g3 e6 3. Bg2 d5 4. Nf3 Be7 5. 0-0 0-0 6. b3 c5 7. e3 b6 8. Nc3 Bb7 9. Bb2 Nc6 10. cxd5 Nxd5 11. Nxd5 Qxd5 12. d4 Qd8 13. dxc5 Bxc5 14. Ne5 Nxe5 15. Bxb7 Rb8 16. Be4 Qxd1 17. Rfxd1 Ng4 18. Bf3 Nf6 19. Kf1 Rbd8 20. Ke2 Be7 21. a3 h6 22. Rac1 Rxd1 23. Kxd1 Rd8+ 24. Ke2 Ne8 25. Bc6 Bf6 26. Bxf6 Nxf6 27. Bb5 Kf8 28. Rc7 Nd5 29. Rc2 Nf6 30. f3 Ne8 31. e4 Nd6 32. Ba6 Ke7 33. b4 e5 34. Ke3 Rd7 35. a4 Ne8 36. Rc8 Rc7 37. Ra8 Rc3+ 38. Ke2 Rc7 39. Kd3 Nd6 40. h4 Rd7 41. Kc3 Rc7+ 42. Kb3 f5 43. Bd3 fxe4 44. fxe4 Kf6 45. a5 bxa5 46. bxa5 Ke7 47. Kb4 Kf6 48. Rf8+ Ke7 49. Rg8 Kf7 50. Ra8 Ke7 1/2-1/2

[Event "Heraklion Gazi op 9th"]
[Site "Heraklion"]
[Date "2013.07.27"]
[Round "1"]
[White "Katsivardas, Haralabos"]
[Black "Papadakis, Michalis"]
[Result "0-1"]
[WhiteElo "1373"]
[BlackElo "2222"]
[PlyCount "42"]
[EventDate "2013.07.27"]
[EventType "swiss"]
[EventRounds "9"]
[EventCountry "GRE"]
[SourceTitle "CBM 155 Extra"]
[Source "ChessBase"]
[SourceDate "2013.08.26"]
[SourceVersion "1"]
[SourceVersionDate "2013.08.26"]
[SourceQuality "1"]

1. d4 d5 2. Nf3 Nf6 3. c4 c6 4. e3 Bg4 5. Nbd2 Nbd7 6. Be2 e6 7. 0-0 Bd6 8. b3 0-0 9. Bb2 Qc7 10. Rc1 Rfe8 11. cxd5 exd5 12. a3 Ne4 13. h3 Bf5 14. b4 a6 15. Qb3 Re6 16. a4 Rae8 17. Rfd1 Nxf2 18. Kxf2 Rxe3 19. Rc3 Rxe2+ 20. Kg1 Bxb4 21. Qxb4 Qg3 0-1

[Event "GRE-chT 41st"]
[Site "Achaia"]
[Date "2013.07.06"]
[Round "6.4"]
[White "Kanellopoulos, Georgios"]
[Black "Papadakis, Michalis"]
[Result "1-0"]
[WhiteElo "2070"]
[BlackElo "2222"]
[PlyCount "165"]
[EventDate "2013.07.02"]
[EventType "team-swiss"]
[EventRounds "7"]
[EventCountry "GRE"]
[SourceTitle "CBM 155 Extra"]
[Source "ChessBase"]
[SourceDate "2013.08.26"]
[SourceVersion "1"]
[SourceVersionDate "2013.08.26"]
[SourceQuality "1"]
[WhiteTeam "Patron CN"]
[BlackTeam "Irakleiou CN"]
[WhiteTeamCountry "GRE"]
[BlackTeamCountry "GRE"]

1. c4 Nf6 2. g3 e6 3. Nf3 d5 4. Bg2 Be7 5. 0-0 0-0 6. b3 c5 7. Bb2 Nc6 8. e3 d4 9. exd4 cxd4 10. Qe2 Re8 11. d3 Bc5 12. a3 a5 13. Nbd2 e5 14. Ne4 Nxe4 15. Qxe4 Qf6 16. Qd5 Bf8 17. Nd2 Bf5 18. Ne4 Qe7 19. f4 Qc7 20. Ng5 Bxd3 21. fxe5 Bxf1 22. Rxf1 Rxe5 23. Qxf7+ Qxf7 24. Nxf7 Re2 25. Bd5 g6 26. Nd8+ Kg7 27. Rf7+ Kh6 28. Bc1+ g5 29. Ne6 Re1+ 30. Kf2 Rxc1 31. Be4 Bg7 32. Nxg7 Rh8 33. Nf5+ Kg6 34. Nd6+ Kh5 35. h3 Ne5 36. g4+ Nxg4+ 37. hxg4+ Kxg4 38. Kg2 Kh5 39. Bf3+ g4 40. Rf5+ Kh4 41. Be4 Ra1 42. Rf2 Rxa3 43. Nf5+ Kg5 44. Nxd4 h5 45. Bxb7 h4 46. c5 a4 47. Ne6+ Kh5 48. Bd5 axb3 49. Rb2 Ra2 50. Rxa2 bxa2 51. Bxa2 Ra8 52. Bd5 Ra3 53. c6 h3+ 54. Kf1 Rc3 55. c7 Kh4 56. Bb7 Rc1+ 57. Ke2 h2 58. Kd2 Rc4 59. Kd3 Rc1 60. Kd2 Rc4 61. Kd3 Rc1 62. Kd2 Rc4 63. Bd5 Kg3 64. Bxc4 h1Q 65. c8Q Qg2+ 66. Kc3 Qf3+ 67. Bd3 Qf6+ 68. Kd2 Qb2+ 69. Ke3 Qb6+ 70. Ke4 Qb4+ 71. Qc4 Qb7+ 72. Ke5 Qb8+ 73. Kf5 Kf2 74. Qd4+ Kg2 75. Qxg4+ Kf2 76. Qd4+ Kg2 77. Be4+ Kf1 78. Qd1+ Kf2 79. Qd2+ Kf1 80. Bd3+ Kg1 81. Qe3+ Kh2 82. Qf2+ Kh3 83. Ng5# 1-0